"ia" Countries - Statistics

General Stats
  • This quiz has been taken 155 times
  • The average score is 29 of 38
Answer Stats
Answer % Correct
Algeria
92%
Australia
90%
Bulgaria
88%
Albania
86%
Austria
86%
Armenia
85%
Romania
83%
Slovakia
83%
Slovenia
83%
Indonesia
82%
Latvia
82%
Russia
82%
Serbia
82%
Columbia
79%
Estonia
79%
India
79%
Lithuania
79%
Zambia
79%
Croatia
77%
Namibia
77%
Somalia
77%
Tanzania
77%
Nigeria
75%
Cambodia
74%
Ethiopia
74%
Tunisia
74%
Malaysia
73%
Bolivia
72%
Gambia
71%
North Macedonia
70%
Syria
70%
Mauritania
67%
Liberia
65%
Saudi Arabia
64%
Georgia
63%
Mongolia
61%
Federated States of Micronesia
49%
Saint Lucia
37%
No matching quizzes found
Score Distribution
Percent of People with Each Score
Percentile by Number Answered
Your Score History
You have not taken this quiz